College Basketball Teams That Have Made it past the first round - Statistics

General Stats
  • This quiz has been taken 15 times
  • The average score is 116 of 223
Answer Stats
Hint Answer % Correct
MAC Central Michigan
100%
ACC Duke
100%
MAC Eastern Michigan
100%
Big Ten Iowa
100%
Big 12 Iowa State
100%
MAC Miami (OH)
100%
Big Ten Michigan
100%
Missouri Valley Northern Iowa
100%
C-USA North Texas
100%
MAC Ohio
100%
Big Ten Ohio State
100%
Atlantic 10 Saint Joseph’s
100%
SEC Texas
100%
Independent Wayne State (MI)
100%
MAC Western Michigan
100%
Big 12 BYU
92%
SEC Florida
92%
Atlantic 10 George Washington
92%
West Coast Gonzaga
92%
Big Ten Illinois
92%
ACC Louisville
92%
ACC Miami (FL)
92%
C-USA Middle Tennessee
92%
SEC Ole Miss
92%
Ivy Penn
92%
Missouri Valley Southern Illinois
92%
AAC South Florida
92%
SEC Tennessee
92%
Big Ten UCLA
92%
Pac-12 Utah
92%
ACC Virginia
92%
Pac-12 Washington
92%
Sun Belt Western Kentucky
92%
Big 12 Arizona
85%
Pac-12 Arizona State
85%
SEC Georgia
85%
Big Ten Indiana
85%
Big 12 Kansas
85%
Big 12 Kansas State
85%
SEC LSU
85%
Big Ten Michigan State
85%
ACC NC State
85%
Big Ten Nebraska
85%
ACC North Carolina
85%
Big Ten Purdue
85%
SEC Texas A&M
85%
Big 12 Texas Tech
85%
SEC Alabama
77%
Big 12 Baylor
77%
ACC Florida State
77%
ACC Georgia Tech
77%
Ivy Harvard
77%
Big 12 Houston
77%
SEC Kentucky
77%
Big East Marquette
77%
SEC Mississippi State
77%
SEC Missouri
77%
Big 12 Oklahoma
77%
Big 12 Oklahoma State
77%
Big Ten Oregon
77%
Big Ten Penn State
77%
Ivy Princeton
77%
West Coast Saint Mary’s
77%
West Coast San Diego
77%
Sun Belt South Alabama
77%
Pac-12 Stanford
77%
Big East UConn
77%
Pac-12 USC
77%
WAC UTEP
77%
West Coast Washington State
77%
Big Ten Wisconsin
77%
Ivy Yale
77%
SEC Auburn
69%
Big 12 Colorado
69%
Big Ten Minnesota
69%
Mountain West New Mexico
69%
Big Ten Northwestern
69%
ACC Notre Dame
69%
Pac-12 Oregon State
69%
Mountain West San Diego State
69%
AAC SMU
69%
Big 12 TCU
69%
Mountain West UNLV
69%
ACC Wake Forest
69%
Big 12 West Virginia
69%
ACC Boston College
62%
ACC Clemson
62%
Atlantic 10 Dayton
62%
Big West Hawaii
62%
Missouri Valley Indiana State
62%
Missouri Valley Loyola (Chicago)
62%
Big Sky Montana
62%
CAA Navy
62%
West Coast San Francisco
62%
SWAC Southern
62%
Big East St. John’s
62%
ACC Syracuse
62%
WAC Tulsa
62%
AAC UCF
62%
Big East Villanova
62%
AAC Wichita State
62%
WAC Wyoming
62%
SEC Arkansas
54%
Pac-12 California
54%
AAC Cincinnati
54%
Missouri Valley Drake
54%
Atlantic 10 George Mason
54%
Big East Georgetown
54%
Big Ten Maryland
54%
AAC Memphis
54%
Mountain West Nevada
54%
WAC New Mexico State
54%
ACC Pittsburgh
54%
Atlantic 10 Saint Louis
54%
SEC South Carolina
54%
Independent Texas Western
54%
Atlantic 10 VCU
54%
Ivy Columbia
46%
Big East Creighton
46%
C-USA Florida Atlantic
46%
Southern Furman
46%
Missouri Valley Murray State
46%
Big East Providence
46%
Atlantic 10 Richmond
46%
Big Ten Rutgers
46%
Sun Belt SW Louisiana
46%
AAC Temple
46%
AAC Tulane
46%
C-USA UAB
46%
SEC Vanderbilt
46%
America East Vermont
46%
ACC Virginia Tech
46%
MAC Buffalo
38%
Mountain West Colorado State
38%
Ivy Cornell
38%
Ivy Dartmouth
38%
C-USA DePaul
38%
Atlantic 10 Duquesne
38%
Sun Belt Georgia State
38%
Mountain West Grand Canyon
38%
Pacific Coast Long Beach State
38%
West Coast Pepperdine
38%
Atlantic 10 Rhode Island
38%
Big East Seton Hall
38%
Atlantic 10 UMass
38%
Mountain West Utah State
38%
Big East Xavier
38%
Big East Butler
31%
TAAC College of Charleston
31%
Southern Davidson
31%
Southern East Tennessee State
31%
Northeast Fairleigh Dickinson
31%
Atlantic Sun Florida Gulf Coast
31%
Big South High Point
31%
C-USA Marshall
31%
Southland McNeese
31%
Summit Oral Roberts
31%
MAAC Saint Peter’s
31%
Big West UC Irvine
31%
Southland Abilene Christian
23%
MAC Ball State
23%
C-USA Charlotte
23%
WAC Fresno State
23%
Horizon Green Bay
23%
MEAC Hampton
23%
Sun Belt James Madison
23%
Patriot Lehigh
23%
American South Louisiana Tech
23%
Atlantic Sun Mercer
23%
Ohio Valley Morehead State
23%
MEAC Norfolk State
23%
ECAC North Northeastern
23%
Metro NY NYU
23%
Horizon Oakland
23%
Big West Pacific
23%
MAAC Siena
23%
Big West UCSB
23%
America East UMBC
23%
Mid-Continent Valparaiso
23%
Big Sky Weber State
23%
Big South Winthrop
23%
SWAC Alcorn State
15%
MAC Bowling Green
15%
Missouri Valley Bradley
15%
Horizon Cleveland State
15%
Horizon Detroit
15%
Missouri Valley Evansville
15%
Independent Holy Cross
15%
Missouri Valley Illinois State
15%
Independent Jacksonville
15%
MAC Kent State
15%
Atlantic 10 La Salle
15%
Atlantic Sun Liberty
15%
West Coast Loyola Marymount
15%
MAAC Manhattan
15%
Independent New Orleans
15%
Summit North Dakota State
15%
Southland Northwestern State
15%
West Coast Santa Clara
15%
Southern VMI
15%
Southern Wofford
15%
Independent Boston University
8%
Pacific Coast Cal State Fullerton
8%
MEAC Coppin State
8%
NAC Drexel
8%
Atlantic 10 Fordham
8%
Big Sky | Independent Idaho State
8%
ECAC Metro Iona
8%
Southland Lamar
8%
Horizon Milwaukee
8%
Missouri Valley Missouri State
8%
Independent Niagara
8%
CAA Old Dominion
8%
Independent Seattle
8%
Southland Stephen F. Austin
8%
CAA UNCW
8%
Ohio Valley Austin Peay
0%
Patriot Bucknell
0%
WNY3 Canisius
0%
Southern Chattanooga
0%
Independent Lebanon Valley
0%
Sun Belt Little Rock
0%
No matching quizzes found
Score Distribution
Percent of People with Each Score
Percentile by Number Answered
Your Score History
You have not taken this quiz